September 2nd: Birthdays - Statistics

General Stats
  • This quiz has been taken 4 times
  • The average score is 3 of 7
Answer Stats
Year Clue Answer % Correct
1964 Actor in The Matrix Keanu Reeves
100%
1952 Tennis Legend Jimmy Connors
50%
1937 Organizer of the 1984 Olympics Peter Ueberroth
50%
1965 Heavyweight Boxing Champion Lennox Lewis
25%
1966 Actress in Desperado Salma Hayek
25%
1936 CEO of Intel Andrew Grove
0%
1877 Nobel Laureate Frederick Soddy
0%
No matching quizzes found
Score Distribution
Percent of People with Each Score
Percentile by Number Answered
Your Score History
You have not taken this quiz